01676nam a22003374a 4500001001200000003000800012006001900020007001500039008004100054010001700095020002800112020003500140040002100175035002000196050002400216082001500240245011400255260005600369300001100425500021000436504006100646530017000707533015200877650003401029650004001063651004001103655002901143700002301172710001701195856012601212ebr10064738CaPaEBRm u cr cn|||||||||000307s2000 cau sb s001 0 eng  z 00028657  z0520224213 (alk. paper) z0520224221 (pbk. : alk. paper) aCaPaEBRcCaPaEBR a(OCoLC)6077935014aDS62.8b.W37 2000eb04a956.0422100aWar, institutions, and social change in the Middle Easth[electronic resource] /cedited by Steven Heydemann. aBerkeley :bUniversity of California Press,cc2000. a372 p. a"This volume is the result of a project on war and social change in the Middle East, directed and sponsored by the Social Science Research Council, Joint Committee on the Near and Middle East"--T.p. verso. aIncludes bibliographical references (335-356) and index. aA digital reproduction is available from E-Editions, a collaboration of the University of California Press and the California Digital Library's eScholarship program. aElectronic reproduction.bPalo Alto, Calif. :cebrary,d2013.nAvailable via World Wide Web.nAccess may be limited to ebrary affiliated libraries. 0aWar and societyzMiddle East. 0aWarxEconomic aspectszMiddle East. 0aMiddle EastxHistoryy20th century. 7aElectronic books.2local1 aHeydemann, Steven.2 aebrary, Inc.40uhttp://site.ebrary.com/lib/rucke/Doc?id=10064738zAn electronic book accessible through the World Wide Web; click to view